| 000 | 00638nam a2200217 a 4500 | ||
|---|---|---|---|
| 001 | BRCA_691 | ||
| 005 | 20190320203117.0 | ||
| 008 | 911105s1990 enka---###---#001-0#eng-# | ||
| 020 | _a071482545X | ||
| 040 |
_aDLC _cDLC |
||
| 050 | 4 |
_aND196.A7 _b.L83 1990 |
|
| 100 | 1 |
_aLucie-Smith, Edward _92279 |
|
| 245 | 1 | 0 |
_aArt Deco Painting _cEdward Lucie-Smith. |
| 260 |
_aOxford _bPhaidon _c1990 |
||
| 300 |
_a160 p. _bil. a color _c30 cm. |
||
| 500 | _aIncluye índice alfabético y biografías de artistas | ||
| 504 | _aBibliografía: p. 158 | ||
| 650 | 1 | 4 |
_aArte decorativo _92280 |
| 650 | 1 | 4 |
_aPintura moderna _ySiglo XX _92281 |
| 942 |
_2lcc _cB |
||
| 999 |
_c597 _d597 |
||